|
|
|
|
| LEADER |
00000nam2a2200000 4500 |
| 001 |
320789 |
| 005 |
20231102003320.0 |
| 035 |
|
|
|a (RuTPU)RU\TPU\book\346320
|
| 035 |
|
|
|a RU\TPU\book\77197
|
| 090 |
|
|
|a 320789
|
| 100 |
|
|
|a 20160721d1971 k y0rusy50 ca
|
| 101 |
0 |
|
|a rus
|
| 102 |
|
|
|a RU
|
| 105 |
|
|
|a y ad 001zy
|
| 200 |
0 |
|
|a Т. 14 : РСФСР, Средний Урал. Период 1941-1945. Вып. 1 : Опубликованные работы
|f Академия наук СССР (АН СССР), Уральский филиал (УФ), Институт геологии и геохимии (ИГГ) ; гл. ред. В. В. Тихомиров
|
| 210 |
|
|
|d 1971
|
| 215 |
|
|
|a 236 с.
|
| 320 |
|
|
|a Авторский указатель: с. 217-219
|
| 320 |
|
|
|a Предметнно-систематический указатель: с. 220-221
|
| 320 |
|
|
|a Географический указатель: с. 222-227
|
| 320 |
|
|
|a Указатель минералов полезных ископаемых и месторождений: с. 228-233
|
| 461 |
|
1 |
|0 (RuTPU)RU\TPU\book\58444
|t Геологическая изученность СССР
|o [обзорные главы, рефераты, аннотации и библиографические справки]
|f Академия Наук СССР, Комиссия по геологической изученности СССР
|v Т. 14 : РСФСР, Средний Урал. Период 1941-1945. Вып. 1 : Опубликованные работы
|d 1961-1988
|
| 606 |
1 |
|
|a Геологическая изученность
|y СССР
|2 stltpush
|3 (RuTPU)RU\TPU\subj\6035
|9 34000
|
| 606 |
1 |
|
|a Геология
|y СССР
|2 stltpush
|3 (RuTPU)RU\TPU\subj\6121
|9 34079
|
| 610 |
1 |
|
|a СССР
|
| 610 |
1 |
|
|a геологическое районирование
|
| 610 |
1 |
|
|a геологические исследования
|
| 610 |
1 |
|
|a Средний Урал
|
| 610 |
1 |
|
|a опубликованные источники
|
| 610 |
1 |
|
|a рефераты
|
| 610 |
1 |
|
|a библиографические пособия
|
| 675 |
|
|
|a 55(47+57)
|v 3
|
| 675 |
|
|
|a 55(470.51/.54)
|v 3
|
| 702 |
|
1 |
|a Тихомиров
|b В. В.
|g Владимир Владимирович
|4 651
|
| 712 |
0 |
2 |
|a Академия наук СССР (АН СССР)
|b Уральский филиал (УФ)
|b Институт геологии и геохимии (ИГГ)
|c (Свердловск)
|2 stltpush
|3 (RuTPU)RU\TPU\col\13849
|
| 801 |
|
1 |
|a RU
|b 63413507
|c 20050120
|g PSBO
|
| 801 |
|
2 |
|a RU
|b 63413507
|c 20160721
|g PSBO
|
| 942 |
|
|
|c BK
|